000 00875cam a22002537a 4500
999 _c130154
_d130154
001 122988
003 ARRUPE
005 20200121141921.0
008 970307s1994 nr b 000 0 eng
010 _a 97124548
020 _a9783252100
035 _a(DLC) 97124548
040 _aDLC
_cDLC
_dDLC
050 0 0 _aB5305.D877
100 1 _aDukor, Maduabuchi F.
_948963
245 1 0 _aTheistic humanism of African Philosophy
_bthe great debate on substance and method of philosophy /
_cby Maduabuchi F. Dukor.
260 _aGermany :
_bLAP LAMBERT Academic Publishing,
_c2010.
300 _axxiii, 668p. ;
_c23 cm.
504 _aIncludes bibliographical references.
650 0 _aPhilosophy
_zAfrica
_921087
906 _a7
_bcbc
_corignew
_d3
_encip
_f19
_gy-gencatlg
942 _2lcc
_cMONOGRAPH